000 00746nam a22002177a 4500
005 20170124110248.0
010 _aA-897037
020 _c150.00
035 _aA-897037
037 _bCen Lib/Ret
040 _aDPL
_bEN
082 _a000
_bPOP
110 _aNew Delhi.Ranee Publications
_997967
245 _aPopular master guide :
_bBSF exam recruitment of assistant sub-inspector (clerks) /
260 _bRanee Publications
_aNew Delhi
_c1999
270 _bNew Delhi
_aPost Box No.7154, 12-H, New Daryaganj Road, (Opp.Traffic Kotwali)
_e110002
300 _avarious pagings
_c22cm(Hb)
650 _aGuide -- BSF recruitment
_997968
650 _aAssistant sub-inspector -- guide
_997969
942 _2ddc
_cEN
_h000
_mPOP
999 _c135663
_d135663